Советское фотоискусство

ग्रंथसूची विवरण
अन्य लेखक: Абольников С. (редактор)
भाषा:रूसी
प्रकाशित: Москва, Полиграфкнига, 1939
विषय:
स्वरूप: पुस्तक
KOHA link:https://koha.lib.tpu.ru/cgi-bin/koha/opac-detail.pl?biblionumber=221152

MARC

LEADER 00000nam0a2200000 4500
001 221152
005 20231101230400.0
035 |a (RuTPU)RU\TPU\book\241296 
090 |a 221152 
100 |a 20120907d1939 m y0rusy50 ca 
101 0 |a rus 
102 |a RU 
105 |a ac z 010yy 
200 1 |a Советское фотоискусство  |f под ред. С. Абольникова 
210 |a Москва  |c Полиграфкнига  |d 1939 
215 |a 83 с.  |c фотогр. 
606 1 |a Фотография художественная  |2 stltpush  |3 (RuTPU)RU\TPU\subj\64227  |9 81138 
610 1 |a фотография 
610 1 |a СССР 
610 1 |a альбомы 
610 1 |a история 
675 |a 77.04  |v 3 
702 1 |a Абольников  |b С.  |4 340 
801 1 |a RU  |b 63413507  |c 20120907 
801 2 |a RU  |b 63413507  |c 20220120  |g RCR 
942 |c BK